Music Quiz

Random Music or Clickable Quiz

1980s Lyric Match III Quiz Stats

 Plays Quiz Updated Jul 2, 2015

Challenge
Share
Tweet
Embed
Score 0/24 Timer 07:00
2 Plays Today
% Correct
We Didn't Start the Fire
88.4%
Love is a Battlefield
85.5%
Hello
82.8%
Careless Whisper
79.6%
Don't Worry, Be Happy
73.4%
I've Had The Time of My Life
69.2%
Sledgehammer
66.2%
When Doves Cry
62.5%
Jump
62%
Wind Beneath My Wings
62%
Need You Tonight
56.9%
With or Without You
56.9%
% Correct
A Groovy Kind of Love
54.8%
Never Gonna Give You Up
53.9%
The Living Years
51.2%
I Think We're Alone Now
50.5%
Broken Wings
48.8%
Nothing's Gonna Stop Us Now
44.1%
Toy Soldiers
44.1%
Part-Time Lover
40.6%
Right Here Waiting
32.8%
One More Try
29.7%
At This Moment
28%
The Flame
23%

You're not logged in!

Compare scores with friends on all Sporcle quizzes.
OR
Log In

You Might Also Like...

Show Comments

Extras

Top Quizzes Today


Score Distribution

Your Account Isn't Verified!

In order to create a playlist on Sporcle, you need to verify the email address you used during registration. Go to your Sporcle Settings to finish the process.

Report this User

Report this user for behavior that violates our Community Guidelines.

Details: